| 000 | 00396nam a22001217a 4500 | ||
|---|---|---|---|
| 999 |
_c3079 _d3079 |
||
| 005 | 20200930110700.0 | ||
| 008 | 200930b ||||| |||| 00| 0 eng d | ||
| 020 | _a0500051186 | ||
| 040 | _cCML | ||
| 245 |
_aGenes, Memes and Human History: Darwinian Archaeology and Culture Evolution. _cShennan, S. |
||
| 260 |
_aLondon _bThames & Hudson Ltd. _c2002 |
||
| 942 |
_2ddc _cBK _h930.1 _mSHE |
||